| 000 | 00829nam a2200241 a 4500 | ||
|---|---|---|---|
| 005 | 19970909093112.7 | ||
| 008 | 940518s1995 ilua b 001 0 eng | ||
| 010 | _aENG-92938 | ||
| 020 |
_a9788190761437 _c85.00 |
||
| 035 | _aEN-76471 | ||
| 037 | _bDBAD / PUB | ||
| 040 |
_adpl _bEnglish |
||
| 082 | _a336 | ||
| 100 | _aVivekananthan, R. | ||
| 245 |
_aPublic finance / _cby R. Vivekananthan |
||
| 260 |
_aChennai _bThirupathi Publications _c2008 |
||
| 270 |
_aNo. 63, Razak Garden, Arumbakkam _bChennai _e106 |
||
| 300 |
_a127p. _c25 cm (pbk) |
||
| 500 | _aIncludes bibliographical references | ||
| 650 | _aFinance, Public | ||
| 942 |
_2ddc _cEN _h336 _mVIV |
||
| 999 |
_c23442 _d23442 |
||